000 00804nam a2200253Ia 4500
003 OSt
005 20220925230242.0
006 a|||||r|||| 00| 0
007 ta
008 220923b |||||||| |||| 00| 0 eng d
020 _a9780226636023
_c2132.40
037 _b59667, 19/12/2019, Segment Book Distributors
_cGeneral Book
040 _aRTL
_cRTL
_beng
041 _2eng
_aeng
082 _aY7b4, P2;Q9
100 _aMACCLANCY Jeremy
_9293447
245 0 _aExotic no more
_b Anthropology for the contemporary world
250 _a2nd
260 _aLondon
_bUniversity ogf Chicago Press
_c2019
300 _a426p.
_ccm.
650 _aSociology
942 _hY7b4, P2;Q9
_cGB
_2CC
999 _c585031
_d585031